Guillermo Cox /
Conocemos a un aventurero chileno, hijo de galeses, que fue enviado en 1862 por el gobierno de Chile a buscar un paso interoceánico aprovechando las vías fluviales y lacustres de la zona de Nahuel Huapi. Su viaje se vio frustrado al naufragar en las aguas del río Limay.
Guardado en:
| Autor Principal: | |
|---|---|
| Autor Corporativo: | |
| Formato: | |
| Publicado: |
Argentina,
2008
|
| Series: | Naturalistas viajeros
|
| Materias: | |
| Acceso en línea: | https://www.educ.ar/recursos/101727/guillermo-cox |
| Etiquetas: |
Agregar Etiqueta
Sin Etiquetas, Sea el primero en etiquetar este registro!
|
| LEADER | 01236ngm a22003375g 4500 | ||
|---|---|---|---|
| 001 | CEM.cems023735 | ||
| 008 | 130507s2008##################0###0#####d | ||
| 005 | 20250630160359.0 | ||
| 245 | 1 | 0 | |a Guillermo Cox / |c Pablo Chiarelli. |
| 260 | |a Argentina, |c 2008 | ||
| 300 | |a 28'. | ||
| 490 | 0 | |a Naturalistas viajeros | |
| 538 | |a Soporte: DVD - Color: Si - Grabación DRD | ||
| 520 | |a Conocemos a un aventurero chileno, hijo de galeses, que fue enviado en 1862 por el gobierno de Chile a buscar un paso interoceánico aprovechando las vías fluviales y lacustres de la zona de Nahuel Huapi. Su viaje se vio frustrado al naufragar en las aguas del río Limay. | ||
| 500 | |a Consultar en ventanilla. | ||
| 100 | 1 | |a Chiarelli, Pablo | |
| 710 | 2 | |a Canal Encuentro. | |
| 082 | 9 | 4 | |/ CHI |
| 653 | |a EXPLORADORES | ||
| 653 | |a CIENCIAS NATURALES | ||
| 653 | |a CIENTIFICOS | ||
| 653 | |a CIENCIA | ||
| 653 | |a NATURALISMO | ||
| 653 | |a GEOGRAFIA | ||
| 653 | |a OROGRAFIA | ||
| 653 | |a COX | ||
| 653 | |a TRATADOS LIMITROFES | ||
| 653 | |a CONFLICTOS LIMITROFES | ||
| 653 | |a SERIE DE TELEVISIÓN | ||
| 856 | |u https://www.educ.ar/recursos/101727/guillermo-cox | ||
| 859 | |a CEMS |b BIB. CEMS - Depto. Recursos Didacticos |h 940 |i CHI |k DRD |p 2378.15 |t Ej.1 | ||
